Matemáticas para Ingeniería. Fundamentos de Matemáticas para Ingeniería.

Guardat en:
Dades bibliogràfiques
Autor principal: Astudillo Villagra, Mariana Andrea (autora)
Altres autors: González Yáñez, Betsabé (autora), Soto Layana, Danae Alejandra (autora)
Format: Llibre
Publicat: Valparaíso, Chile: Ediciones PUCV, 2024.
Edició:Primera edición
Col·lecció:Colección Ingeniería
Matèries:
Etiquetes: Afegir etiqueta
Sense etiquetes, Sigues el primer a etiquetar aquest registre!

MARC

LEADER 00000nam a22000007a 4500
003 CL-VaPUC
005 20240923165907.0
008 240708t2024 ||||| |||| 00| 0 eng d
999 |c 444173  |d 444171 
020 |a 978-956-17-1124-2 Obra completa 
020 |a 978-956-17-1125-9 v.1 
040 |c Pontificia Universidad Católica de Valparaíso 
082 7 |2 22  |a 510 AST 2024 
100 |a Astudillo Villagra, Mariana Andrea  |9 834582  |e autora 
245 |a Matemáticas para Ingeniería.  |b Fundamentos de Matemáticas para Ingeniería. 
250 |a Primera edición 
260 |a Valparaíso, Chile:  |b Ediciones PUCV,  |c 2024. 
300 |a 310 páginas. 
490 |a Colección Ingeniería  |n  1 
500 |a c.1 Donación Ediciones PUCV. Facultad de Ingeniería 08/07/2024 
583 |c 20240708  |k Angela Raggi 
650 0 |a Números reales   |9 270334  |x Álgebra 
650 0 |a Geometría analítica   |9 260062 
650 0 |a Funciones (Matemáticas)  |9 338128 
650 0 |a Trigonometría   |9 259568  |x Funciones 
650 0 |a Números complejos  |9 270335 
650 0 |a Matemática para Ingeniería  |9 548213 
650 0 |a Polinomios  |9 270626 
700 |a González Yáñez, Betsabé  |e autora  |9 890081 
700 |a Soto Layana, Danae Alejandra  |e autora  |9 814133 
942 |2 ddc  |c BK 
952 |0 0  |1 0  |2 ddc  |4 0  |6 510_000000000000000_AST_2024  |7 0  |8 A  |9 595333  |a BIBING  |b BIBING  |c GEN  |d 2024-07-08  |e Donación  |h v.1  |i 5661700  |l 8  |m 5  |o 510 AST 2024  |p 5661700  |q 2025-05-12  |r 2025-05-05  |s 2025-05-05  |t 1  |w 2024-07-09  |y BK  |k ING 
952 |0 0  |1 0  |2 ddc  |4 0  |6 510_000000000000000_AST_2024  |7 0  |8 A  |9 595435  |a BIBING  |b BIBING  |c GEN  |d 2024-07-08  |e Donación  |h v.1  |i 5661701  |l 4  |m 6  |o 510 AST 2024  |p 5661701  |r 2025-03-21  |s 2025-03-12  |t 2  |w 2024-07-09  |y BK  |k ING 
952 |0 0  |1 0  |2 ddc  |4 0  |6 510_000000000000000_AST_2024  |7 0  |8 A  |9 595436  |a BIBING  |b BIBING  |c GEN  |d 2024-07-08  |e Donación  |h v.1  |i 5661702  |l 8  |m 2  |o 510 AST 2024  |p 5661702  |q 2025-04-30  |r 2025-04-23  |s 2025-04-23  |t 3  |w 2024-07-09  |y BK  |k ING 
952 |0 0  |1 0  |2 ddc  |4 0  |6 510_000000000000000_AST_2024  |7 0  |8 A  |9 595437  |a BIBING  |b BIBING  |c GEN  |d 2024-07-08  |e Donación  |h v.1  |i 5661703  |l 2  |m 3  |o 510 AST 2024  |p 5661703  |r 2025-04-23  |s 2025-04-08  |t 4  |w 2024-07-09  |y BK  |k ING 
952 |0 0  |1 0  |2 ddc  |4 0  |6 510_000000000000000_AST_2024  |7 0  |8 A  |9 595438  |a BIBING  |b BIBING  |c GEN  |d 2024-07-08  |e Donación  |h v.1  |i 5661704  |l 2  |o 510 AST 2024  |p 5661704  |r 2025-04-02  |s 2025-03-28  |t 5  |w 2024-07-09  |y BK  |k ING 
952 |0 0  |1 0  |2 ddc  |4 0  |6 510_000000000000000_AST_2024  |7 0  |8 A  |9 595439  |a BIBING  |b BIBING  |c GEN  |d 2024-07-08  |e Donación  |h v.1  |i 5661705  |l 3  |o 510 AST 2024  |p 5661705  |r 2025-03-18  |s 2025-03-11  |t 6  |w 2024-07-09  |y BK  |k ING 
952 |0 0  |1 0  |2 ddc  |4 0  |6 510_000000000000000_AST_2024  |7 0  |8 A  |9 595440  |a BIBING  |b BIBING  |c GEN  |d 2024-07-08  |e Donación  |h v.1  |i 5661706  |l 7  |m 1  |o 510 AST 2024  |p 5661706  |r 2025-04-29  |s 2025-04-22  |t 7  |w 2024-07-09  |y BK  |k ING 
952 |0 0  |1 0  |2 ddc  |4 0  |6 510_000000000000000_AST_2024  |7 0  |8 A  |9 595441  |a BIBING  |b BIBING  |c GEN  |d 2024-07-08  |e Donación  |h v.1  |i 5661707  |l 1  |m 4  |o 510 AST 2024  |p 5661707  |r 2025-04-11  |s 2025-03-07  |t 8  |w 2024-07-09  |y BK  |k ING 
952 |0 0  |1 0  |2 ddc  |4 0  |6 510_000000000000000_AST_2024  |7 0  |8 A  |9 595442  |a BIBING  |b BIBING  |c GEN  |d 2024-07-08  |e Donación  |h v.1  |i 5661708  |l 3  |m 4  |o 510 AST 2024  |p 5661708  |r 2025-03-31  |s 2025-03-26  |t 9  |w 2024-07-09  |y BK  |k ING 
952 |0 0  |1 0  |2 ddc  |4 0  |6 510_000000000000000_AST_2024  |7 0  |8 A  |9 595443  |a BIBING  |b BIBING  |c GEN  |d 2024-07-08  |e Donación  |h v.1  |i 5661709  |l 2  |m 5  |o 510 AST 2024  |p 5661709  |q 2025-05-07  |r 2025-04-23  |s 2025-04-23  |t 10  |w 2024-07-09  |y BK  |k ING 
952 |0 0  |1 0  |2 ddc  |4 0  |6 510_000000000000000_AST_2024  |7 0  |8 A  |9 595444  |a BIBING  |b BIBING  |c GEN  |d 2024-07-08  |e Donación  |h v.1  |i 5661710  |l 8  |m 2  |o 510 AST 2024  |p 5661710  |r 2025-05-07  |s 2025-04-21  |t 11  |w 2024-07-09  |y BK  |k ING 
952 |0 0  |1 0  |2 ddc  |4 0  |6 510_000000000000000_AST_2024  |7 0  |8 A  |9 595445  |a BIBING  |b BIBING  |c GEN  |d 2024-07-08  |e Donación  |h v.1  |i 5661711  |l 2  |o 510 AST 2024  |p 5661711  |r 2025-03-18  |s 2025-03-12  |t 12  |w 2024-07-09  |y BK  |k ING 
952 |0 0  |1 0  |2 ddc  |4 0  |6 510_000000000000000_AST_2024  |7 0  |8 A  |9 595446  |a BIBING  |b BIBING  |c GEN  |d 2024-07-08  |e Donación  |h v.1  |i 5661712  |l 3  |m 1  |o 510 AST 2024  |p 5661712  |r 2025-04-03  |s 2025-03-27  |t 13  |w 2024-07-09  |y BK  |k ING 
952 |0 0  |1 0  |2 ddc  |4 0  |6 510_000000000000000_AST_2024  |7 0  |8 A  |9 595447  |a BIBING  |b BIBING  |c GEN  |d 2024-07-08  |e Donación  |h v.1  |i 5661713  |l 4  |m 8  |o 510 AST 2024  |p 5661713  |r 2025-01-20  |s 2024-11-12  |t 14  |w 2024-07-09  |y BK  |k ING 
952 |0 0  |1 0  |2 ddc  |4 0  |6 510_000000000000000_AST_2024  |7 0  |8 A  |9 595448  |a BIBING  |b BIBING  |c GEN  |d 2024-07-08  |e Donación  |h v.1  |i 5661714  |l 2  |o 510 AST 2024  |p 5661714  |q 2024-09-23  |r 2024-09-09  |s 2024-09-09  |t 15  |w 2024-07-09  |y BK  |k ING 
952 |0 0  |1 0  |2 ddc  |4 0  |6 510_000000000000000_AST_2024  |7 0  |8 A  |9 595449  |a BIBING  |b BIBING  |c GEN  |d 2024-07-08  |e Donación  |h v.1  |i 5661715  |l 3  |m 3  |o 510 AST 2024  |p 5661715  |r 2025-03-31  |s 2025-03-11  |t 16  |w 2024-07-09  |y BK  |k ING 
952 |0 0  |1 0  |2 ddc  |4 0  |6 510_000000000000000_AST_2024  |7 0  |8 A  |9 595450  |a BIBING  |b BIBING  |c GEN  |d 2024-07-08  |e Donación  |h v.1  |i 5661716  |l 4  |m 1  |o 510 AST 2024  |p 5661716  |r 2025-04-01  |s 2025-03-25  |t 17  |w 2024-07-09  |y BK  |k ING 
952 |0 0  |1 0  |2 ddc  |4 0  |6 510_000000000000000_AST_2024  |7 0  |8 A  |9 595451  |a BIBING  |b BIBING  |c GEN  |d 2024-07-08  |e Donación  |h v.1  |i 5661717  |l 1  |o 510 AST 2024  |p 5661717  |r 2025-03-18  |s 2025-03-12  |t 18  |w 2024-07-09  |y BK  |k ING 
952 |0 0  |1 0  |2 ddc  |4 0  |6 510_000000000000000_AST_2024  |7 0  |8 A  |9 595452  |a BIBING  |b BIBING  |c GEN  |d 2024-07-08  |e Donación  |h v.1  |i 5661718  |l 5  |m 1  |o 510 AST 2024  |p 5661718  |r 2025-04-29  |s 2025-04-15  |t 19  |w 2024-07-09  |y BK  |k ING 
952 |0 0  |1 0  |2 ddc  |4 0  |6 510_000000000000000_AST_2024  |7 0  |8 A  |9 595453  |a BIBING  |b BIBING  |c GEN  |d 2024-07-08  |e Donación  |h v.1  |i 5661719  |l 1  |o 510 AST 2024  |p 5661719  |r 2025-03-14  |s 2025-03-12  |t 20  |w 2024-07-09  |y BK  |k ING 
952 |0 0  |1 0  |2 ddc  |4 0  |6 510_000000000000000_AST_2024  |7 0  |8 A  |9 595454  |a BIBING  |b BIBING  |c GEN  |d 2024-07-08  |e Donación  |h v.1  |i 5661720  |o 510 AST 2024  |p 5661720  |r 2025-01-20  |t 21  |w 2024-07-09  |y BK  |k ING 
952 |0 0  |1 0  |2 ddc  |4 0  |6 510_000000000000000_AST_2024  |7 0  |8 A  |9 595455  |a BIBING  |b BIBING  |c GEN  |d 2024-07-08  |e Donación  |h v.1  |i 5661721  |o 510 AST 2024  |p 5661721  |r 2025-01-20  |t 22  |w 2024-07-09  |y BK  |k ING 
952 |0 0  |1 0  |2 ddc  |4 0  |6 510_000000000000000_AST_2024  |7 0  |8 A  |9 595456  |a BIBING  |b BIBING  |c GEN  |d 2024-07-08  |e Donación  |h v.1  |i 5661722  |o 510 AST 2024  |p 5661722  |r 2025-01-20  |t 23  |w 2024-07-09  |y BK  |k ING 
952 |0 0  |1 0  |2 ddc  |4 0  |6 510_000000000000000_AST_2024  |7 0  |8 A  |9 595457  |a BIBING  |b BIBING  |c GEN  |d 2024-07-08  |e Donación  |h v.1  |i 5661723  |o 510 AST 2024  |p 5661723  |r 2025-01-20  |t 24  |w 2024-07-09  |y BK  |k ING 
952 |0 0  |1 0  |2 ddc  |4 0  |6 510_000000000000000_AST_2024  |7 0  |8 A  |9 595458  |a BIBING  |b BIBING  |c GEN  |d 2024-07-08  |e Donación  |h v.1  |i 5661724  |o 510 AST 2024  |p 5661724  |r 2025-01-20  |t 25  |w 2024-07-09  |y BK  |k ING 
952 |0 0  |1 0  |2 ddc  |4 0  |6 510_000000000000000_AST_2024  |7 0  |8 A  |9 595622  |a BIBING  |b BIBING  |c GEN  |d 2024-07-08  |e Donación  |h v.1  |i 5661725  |o 510 AST 2024  |p 5661725  |r 2025-01-20  |t 26  |w 2024-07-09  |y BK  |k ING 
952 |0 0  |1 0  |2 ddc  |4 0  |6 510_000000000000000_AST_2024  |7 0  |8 A  |9 595623  |a BIBING  |b BIBING  |c GEN  |d 2024-07-08  |e Donación  |h v.1  |i 5661726  |o 510 AST 2024  |p 5661726  |r 2025-01-20  |t 27  |w 2024-07-09  |y BK  |k ING 
952 |0 0  |1 0  |2 ddc  |4 0  |6 510_000000000000000_AST_2024  |7 0  |8 A  |9 595624  |a BIBING  |b BIBING  |c GEN  |d 2024-07-08  |e Donación  |h v.1  |i 5661727  |o 510 AST 2024  |p 5661727  |r 2025-01-20  |t 28  |w 2024-07-09  |y BK  |k ING 
952 |0 0  |1 0  |2 ddc  |4 0  |6 510_000000000000000_AST_2024  |7 0  |8 A  |9 595625  |a BIBING  |b BIBING  |c GEN  |d 2024-07-08  |e Donación  |h v.1  |i 5661728  |o 510 AST 2024  |p 5661728  |r 2025-01-20  |t 29  |w 2024-07-09  |y BK  |k ING 
952 |0 0  |1 0  |2 ddc  |4 0  |6 510_000000000000000_AST_2024  |7 0  |8 A  |9 595626  |a BIBING  |b BIBING  |c GEN  |d 2024-07-08  |e Donación  |h v.1  |i 5661729  |l 10  |m 1  |o 510 AST 2024  |p 5661729  |r 2025-04-29  |s 2025-04-23  |t 30  |w 2024-07-09  |y BK  |k ING 
952 |0 0  |1 0  |2 ddc  |4 0  |6 510_000000000000000_AST_2024  |7 0  |8 A  |9 595627  |a BIBING  |b BIBING  |c GEN  |d 2024-07-08  |e Donación  |h v.1  |i 5661730  |o 510 AST 2024  |p 5661730  |r 2025-01-20  |t 31  |w 2024-07-09  |y BK  |k ING 
952 |0 0  |1 0  |2 ddc  |4 0  |6 510_000000000000000_AST_2024  |7 0  |8 A  |9 595628  |a BIBING  |b BIBING  |c GEN  |d 2024-07-08  |e Donación  |h v.1  |i 5661731  |o 510 AST 2024  |p 5661731  |r 2025-01-20  |t 32  |w 2024-07-09  |y BK  |k ING 
952 |0 0  |1 0  |2 ddc  |4 0  |6 510_000000000000000_AST_2024  |7 0  |8 A  |9 595629  |a BIBING  |b BIBING  |c GEN  |d 2024-07-08  |e Donación  |h v.1  |i 5661732  |o 510 AST 2024  |p 5661732  |r 2025-01-20  |t 33  |w 2024-07-09  |y BK  |k ING 
952 |0 0  |1 0  |2 ddc  |4 0  |6 510_000000000000000_AST_2024  |7 0  |8 A  |9 595630  |a BIBING  |b BIBING  |c GEN  |d 2024-07-08  |e Donación  |h v.1  |i 5661733  |l 3  |o 510 AST 2024  |p 5661733  |r 2025-04-23  |s 2025-04-10  |t 34  |w 2024-07-09  |y BK  |k ING 
952 |0 0  |1 0  |2 ddc  |4 0  |6 510_000000000000000_AST_2024  |7 0  |8 A  |9 595631  |a BIBING  |b BIBING  |c GEN  |d 2024-07-08  |e Donación  |h v.1  |i 5661734  |l 5  |m 2  |o 510 AST 2024  |p 5661734  |r 2025-04-21  |s 2025-04-14  |t 35  |w 2024-07-09  |y BK  |k ING 
952 |0 0  |1 0  |2 ddc  |4 0  |6 510_000000000000000_AST_2024  |7 0  |8 A  |9 595632  |a BIBING  |b BIBING  |c GEN  |d 2024-07-08  |e Donación  |h v.1  |i 5661735  |l 6  |m 2  |o 510 AST 2024  |p 5661735  |r 2025-03-31  |s 2025-03-26  |t 36  |w 2024-07-09  |y BK  |k ING 
952 |0 0  |1 0  |2 ddc  |4 0  |6 510_000000000000000_AST_2024  |7 0  |8 A  |9 595633  |a BIBING  |b BIBING  |c GEN  |d 2024-07-08  |e Donación  |h v.1  |i 5661736  |l 7  |m 4  |o 510 AST 2024  |p 5661736  |r 2025-03-26  |s 2025-03-19  |t 37  |w 2024-07-09  |y BK  |k ING 
952 |0 0  |1 0  |2 ddc  |4 0  |6 510_000000000000000_AST_2024  |7 0  |8 A  |9 595634  |a BIBING  |b BIBING  |c GEN  |d 2024-07-08  |e Donación  |h v.1  |i 5661737  |l 6  |m 7  |o 510 AST 2024  |p 5661737  |r 2025-04-24  |s 2025-04-24  |t 38  |w 2024-07-09  |y BK  |k ING 
952 |0 0  |1 0  |2 ddc  |4 0  |6 510_000000000000000_AST_2024  |7 0  |8 A  |9 595635  |a BIBING  |b BIBING  |c GEN  |d 2024-07-08  |e Donación  |h v.1  |i 5661738  |l 7  |m 3  |o 510 AST 2024  |p 5661738  |r 2025-03-31  |s 2025-03-26  |t 39  |w 2024-07-09  |y BK  |k ING 
952 |0 0  |1 0  |2 ddc  |4 0  |6 510_000000000000000_AST_2024  |7 0  |8 A  |9 595636  |a BIBING  |b BIBING  |c GEN  |d 2024-07-08  |e Donación  |h v.1  |i 5661739  |l 1  |o 510 AST 2024  |p 5661739  |r 2025-03-20  |s 2025-03-17  |t 40  |w 2024-07-09  |y BK  |k ING 
952 |0 0  |1 0  |2 ddc  |4 0  |6 510_000000000000000_AST_2024  |7 0  |8 A  |9 595637  |a BIBING  |b BIBING  |c GEN  |d 2024-07-08  |e Donación  |h v.1  |i 5661740  |o 510 AST 2024  |p 5661740  |r 2025-01-20  |t 41  |w 2024-07-09  |y BK  |k ING 
952 |0 0  |1 0  |2 ddc  |4 0  |6 510_000000000000000_AST_2024  |7 0  |8 A  |9 595638  |a BIBING  |b BIBING  |c GEN  |d 2024-07-08  |e Donación  |h v.1  |i 5661741  |o 510 AST 2024  |p 5661741  |r 2025-01-20  |t 42  |w 2024-07-09  |y BK  |k ING 
952 |0 0  |1 0  |2 ddc  |4 0  |6 510_000000000000000_AST_2024  |7 0  |8 A  |9 595639  |a BIBING  |b BIBING  |c GEN  |d 2024-07-08  |e Donación  |h v.1  |i 5661742  |l 3  |m 1  |o 510 AST 2024  |p 5661742  |q 2025-05-14  |r 2025-04-30  |s 2025-04-30  |t 43  |w 2024-07-09  |y BK  |k ING 
952 |0 0  |1 0  |2 ddc  |4 0  |6 510_000000000000000_AST_2024  |7 0  |8 A  |9 595640  |a BIBING  |b BIBING  |c GEN  |d 2024-07-08  |e Donación  |h v.1  |i 5661743  |l 6  |m 5  |o 510 AST 2024  |p 5661743  |r 2025-03-26  |s 2025-03-12  |t 44  |w 2024-07-09  |y BK  |k ING 
952 |0 0  |1 0  |2 ddc  |4 0  |6 510_000000000000000_AST_2024  |7 0  |8 A  |9 595641  |a BIBING  |b BIBING  |c GEN  |d 2024-07-08  |e Donación  |h v.1  |i 5661744  |l 2  |m 1  |o 510 AST 2024  |p 5661744  |r 2025-04-28  |s 2025-04-21  |t 45  |w 2024-07-09  |y BK  |k ING 
952 |0 0  |1 0  |2 ddc  |4 0  |6 510_000000000000000_AST_2024  |7 0  |8 A  |9 595642  |a BIBING  |b BIBING  |c GEN  |d 2024-07-08  |e Donación  |h v.1  |i 5661745  |l 2  |m 3  |o 510 AST 2024  |p 5661745  |r 2025-05-06  |s 2025-04-22  |t 46  |w 2024-07-09  |y BK  |k ING 
952 |0 0  |1 0  |2 ddc  |4 0  |6 510_000000000000000_AST_2024  |7 0  |8 A  |9 595643  |a BIBING  |b BIBING  |c GEN  |d 2024-07-08  |e Donación  |h v.1  |i 5661746  |l 4  |m 2  |o 510 AST 2024  |p 5661746  |q 2025-05-15  |r 2025-04-25  |s 2025-04-25  |t 47  |w 2024-07-09  |y BK  |k ING 
952 |0 0  |1 0  |2 ddc  |4 0  |6 510_000000000000000_AST_2024  |7 0  |8 A  |9 595644  |a BIBING  |b BIBING  |c GEN  |d 2024-07-08  |e Donación  |h v.1  |i 5661747  |o 510 AST 2024  |p 5661747  |r 2025-01-20  |t 48  |w 2024-07-09  |y BK  |k ING 
952 |0 0  |1 0  |2 ddc  |4 0  |6 510_000000000000000_AST_2024  |7 0  |8 A  |9 595645  |a BIBING  |b BIBING  |c GEN  |d 2024-07-08  |e Donación  |h v.1  |i 5661748  |l 4  |o 510 AST 2024  |p 5661748  |r 2025-05-07  |s 2025-05-07  |t 49  |w 2024-07-09  |y BK  |k ING 
952 |0 0  |1 0  |2 ddc  |4 0  |6 510_000000000000000_AST_2024  |7 0  |8 A  |9 595646  |a BIBING  |b BIBING  |c GEN  |d 2024-07-08  |e Donación  |h v.1  |i 5661749  |l 2  |m 2  |o 510 AST 2024  |p 5661749  |r 2025-04-10  |s 2025-03-24  |t 50  |w 2024-07-09  |y BK  |k ING 
952 |0 0  |1 0  |2 ddc  |4 0  |6 510_000000000000000_AST_2024  |7 0  |8 A  |9 595791  |a BIBING  |b BIBING  |c GEN  |d 2024-07-08  |e Donación  |h v.1  |i 5661750  |l 3  |m 1  |o 510 AST 2024  |p 5661750  |r 2025-04-28  |s 2025-04-23  |t 51  |w 2024-07-09  |y BK  |k ING 
952 |0 0  |1 0  |2 ddc  |4 0  |6 510_000000000000000_AST_2024  |7 0  |8 A  |9 595792  |a BIBING  |b BIBING  |c GEN  |d 2024-07-08  |e Donación  |h v.1  |i 5661751  |l 4  |o 510 AST 2024  |p 5661751  |q 2025-05-14  |r 2025-05-07  |s 2025-05-07  |t 52  |w 2024-07-09  |y BK  |k ING 
952 |0 0  |1 0  |2 ddc  |4 0  |6 510_000000000000000_AST_2024  |7 0  |8 A  |9 595793  |a BIBING  |b BIBING  |c GEN  |d 2024-07-08  |e Donación  |h v.1  |i 5661752  |l 1  |o 510 AST 2024  |p 5661752  |r 2025-03-20  |s 2025-03-14  |t 53  |w 2024-07-09  |y BK  |k ING 
952 |0 0  |1 0  |2 ddc  |4 0  |6 510_000000000000000_AST_2024  |7 0  |8 A  |9 595794  |a BIBING  |b BIBING  |c GEN  |d 2024-07-08  |e Donación  |h v.1  |i 5661753  |l 2  |o 510 AST 2024  |p 5661753  |r 2025-04-01  |s 2025-03-25  |t 54  |w 2024-07-09  |y BK  |k ING 
952 |0 0  |1 0  |2 ddc  |4 0  |6 510_000000000000000_AST_2024  |7 0  |8 A  |9 595795  |a BIBING  |b BIBING  |c GEN  |d 2024-07-08  |e Donación  |h v.1  |i 5661754  |l 1  |o 510 AST 2024  |p 5661754  |r 2025-03-21  |s 2025-03-14  |t 55  |w 2024-07-09  |y BK  |k ING 
952 |0 0  |1 0  |2 ddc  |4 0  |6 510_000000000000000_AST_2024  |7 0  |8 A  |9 595796  |a BIBING  |b BIBING  |c GEN  |d 2024-07-08  |e Donación  |h v.1  |i 5661755  |l 2  |m 3  |o 510 AST 2024  |p 5661755  |r 2025-04-16  |s 2025-04-02  |t 56  |w 2024-07-09  |y BK  |k ING 
952 |0 0  |1 0  |2 ddc  |4 0  |6 510_000000000000000_AST_2024  |7 0  |8 A  |9 595797  |a BIBING  |b BIBING  |c GEN  |d 2024-07-08  |e Donación  |h v.1  |i 5661756  |l 3  |o 510 AST 2024  |p 5661756  |r 2025-04-03  |s 2025-03-27  |t 57  |w 2024-07-09  |y BK  |k ING 
952 |0 0  |1 0  |2 ddc  |4 0  |6 510_000000000000000_AST_2024  |7 0  |8 A  |9 595798  |a BIBING  |b BIBING  |c GEN  |d 2024-07-08  |e Donación  |h v.1  |i 5661757  |l 2  |o 510 AST 2024  |p 5661757  |r 2025-04-15  |s 2025-04-09  |t 58  |w 2024-07-09  |y BK  |k ING 
952 |0 0  |1 0  |2 ddc  |4 0  |6 510_000000000000000_AST_2024  |7 0  |8 A  |9 595799  |a BIBING  |b BIBING  |c GEN  |d 2024-07-08  |e Donación  |h v.1  |i 5661758  |l 4  |m 4  |o 510 AST 2024  |p 5661758  |q 2025-05-12  |r 2025-04-21  |s 2025-04-21  |t 59  |w 2024-07-09  |y BK  |k ING 
952 |0 0  |1 0  |2 ddc  |4 0  |6 510_000000000000000_AST_2024  |7 0  |8 A  |9 595800  |a BIBING  |b BIBING  |c GEN  |d 2024-07-08  |e Donación  |h v.1  |i 5661759  |l 2  |o 510 AST 2024  |p 5661759  |r 2025-03-27  |s 2025-03-20  |t 60  |w 2024-07-09  |y BK  |k ING 
952 |0 0  |1 0  |2 ddc  |4 0  |6 510_000000000000000_AST_2024  |7 0  |8 A  |9 595801  |a BIBING  |b BIBING  |c GEN  |d 2024-07-08  |e Donación  |h v.1  |i 5661760  |l 5  |m 4  |o 510 AST 2024  |p 5661760  |r 2025-05-09  |s 2025-04-29  |t 61  |w 2024-07-09  |y BK  |k ING 
952 |0 0  |1 0  |2 ddc  |4 0  |6 510_000000000000000_AST_2024  |7 0  |8 A  |9 595802  |a BIBING  |b BIBING  |c GEN  |d 2024-07-08  |e Donación  |h v.1  |i 5661761  |l 3  |o 510 AST 2024  |p 5661761  |r 2025-04-15  |s 2025-04-07  |t 62  |w 2024-07-09  |y BK  |k ING 
952 |0 0  |1 0  |2 ddc  |4 0  |6 510_000000000000000_AST_2024  |7 0  |8 A  |9 595803  |a BIBMAT  |b BIBMAT  |c GEN  |d 2024-07-08  |e Donación  |h v.1  |i 5661762  |l 1  |o 510 AST 2024  |p 5661762  |r 2025-03-19  |s 2025-03-13  |t 63  |w 2024-07-09  |y BK  |k MAT 
952 |0 0  |1 0  |2 ddc  |4 0  |6 510_000000000000000_AST_2024  |7 0  |8 A  |9 595804  |a BIBING  |b BIBING  |c GEN  |d 2024-07-08  |e Donación  |h v.1  |i 5661763  |l 4  |m 2  |o 510 AST 2024  |p 5661763  |q 2025-05-05  |r 2025-04-21  |s 2025-04-21  |t 64  |w 2024-07-09  |y BK  |k ING 
952 |0 0  |1 0  |2 ddc  |4 0  |6 510_000000000000000_AST_2024  |7 0  |8 A  |9 595805  |a BIBING  |b BIBING  |c GEN  |d 2024-07-08  |e Donación  |h v.1  |i 5661764  |l 3  |o 510 AST 2024  |p 5661764  |r 2025-04-24  |s 2025-04-14  |t 65  |w 2024-07-09  |y BK  |k ING 
952 |0 0  |1 0  |2 ddc  |4 0  |6 510_000000000000000_AST_2024  |7 0  |8 A  |9 595806  |a BIBING  |b BIBING  |c GEN  |d 2024-07-08  |e Donación  |h v.1  |i 5661765  |l 3  |m 1  |o 510 AST 2024  |p 5661765  |q 2025-05-12  |r 2025-05-05  |s 2025-05-05  |t 66  |w 2024-07-09  |y BK  |k ING 
952 |0 0  |1 0  |2 ddc  |4 0  |6 510_000000000000000_AST_2024  |7 0  |8 A  |9 595807  |a BIBING  |b BIBING  |c GEN  |d 2024-07-08  |e Donación  |h v.1  |i 5661766  |l 3  |m 1  |o 510 AST 2024  |p 5661766  |r 2025-04-22  |s 2025-04-08  |t 67  |w 2024-07-09  |y BK  |k ING 
952 |0 0  |1 0  |2 ddc  |4 0  |6 510_000000000000000_AST_2024  |7 0  |8 A  |9 595808  |a BIBING  |b BIBING  |c GEN  |d 2024-07-08  |e Donación  |h v.1  |i 5661767  |o 510 AST 2024  |p 5661767  |r 2025-01-20  |t 68  |w 2024-07-09  |y BK  |k ING 
952 |0 0  |1 0  |2 ddc  |4 0  |6 510_000000000000000_AST_2024  |7 0  |8 A  |9 595809  |a BIBING  |b BIBING  |c GEN  |d 2024-07-08  |e Donación  |h v.1  |i 5661768  |l 1  |o 510 AST 2024  |p 5661768  |r 2025-04-07  |s 2025-03-12  |t 69  |w 2024-07-09  |y BK  |k ING 
952 |0 0  |1 0  |2 ddc  |4 0  |6 510_000000000000000_AST_2024  |7 0  |8 A  |9 595810  |a BIBING  |b BIBING  |c GEN  |d 2024-07-08  |e Donación  |h v.1  |i 5661769  |l 1  |m 1  |o 510 AST 2024  |p 5661769  |r 2025-03-26  |s 2025-03-12  |t 70  |w 2024-07-09  |y BK  |k ING 
952 |0 0  |1 0  |2 ddc  |4 0  |6 510_000000000000000_AST_2024  |7 0  |8 A  |9 595811  |a BIBING  |b BIBING  |c GEN  |d 2024-07-08  |e Donación  |h v.1  |i 5661770  |l 3  |o 510 AST 2024  |p 5661770  |r 2025-03-27  |s 2025-03-20  |t 71  |w 2024-07-09  |y BK  |k ING 
952 |0 0  |1 0  |2 ddc  |4 0  |6 510_000000000000000_AST_2024  |7 0  |8 A  |9 595812  |a BIBING  |b BIBING  |c GEN  |d 2024-07-08  |e Donación  |h v.1  |i 5661771  |l 6  |m 2  |o 510 AST 2024  |p 5661771  |q 2025-05-12  |r 2025-04-28  |s 2025-04-28  |t 72  |w 2024-07-09  |y BK  |k ING 
952 |0 0  |1 0  |2 ddc  |4 0  |6 510_000000000000000_AST_2024  |7 0  |8 A  |9 595813  |a BIBING  |b BIBING  |c GEN  |d 2024-07-08  |e Donación  |h v.1  |i 5661772  |l 1  |o 510 AST 2024  |p 5661772  |r 2025-03-17  |s 2025-03-10  |t 73  |w 2024-07-09  |y BK  |k ING 
952 |0 0  |1 0  |2 ddc  |4 0  |6 510_000000000000000_AST_2024  |7 0  |8 A  |9 595814  |a BIBING  |b BIBING  |c GEN  |d 2024-07-08  |e Donación  |h v.1  |i 5661773  |o 510 AST 2024  |p 5661773  |r 2025-01-20  |t 74  |w 2024-07-09  |y BK  |k ING 
952 |0 0  |1 0  |2 ddc  |4 0  |6 510_000000000000000_AST_2024  |7 0  |8 A  |9 595815  |a BIBING  |b BIBING  |c GEN  |d 2024-07-08  |e Donación  |h v.1  |i 5661774  |o 510 AST 2024  |p 5661774  |r 2025-01-20  |t 75  |w 2024-07-09  |y BK  |k ING 
952 |0 0  |1 0  |2 ddc  |4 0  |6 510_000000000000000_AST_2024  |7 0  |8 A  |9 595939  |a BIBING  |b BIBING  |c GEN  |d 2024-07-08  |e Donación  |h v.1  |i 5661775  |o 510 AST 2024  |p 5661775  |r 2025-01-20  |t 76  |w 2024-07-09  |y BK  |k ING 
952 |0 0  |1 0  |2 ddc  |4 0  |6 510_000000000000000_AST_2024  |7 0  |8 A  |9 595940  |a BIBING  |b BIBING  |c GEN  |d 2024-07-08  |e Donación  |h v.1  |i 5661776  |o 510 AST 2024  |p 5661776  |r 2025-01-20  |t 77  |w 2024-07-09  |y BK  |k ING 
952 |0 0  |1 0  |2 ddc  |4 0  |6 510_000000000000000_AST_2024  |7 0  |8 A  |9 595941  |a BIBING  |b BIBING  |c GEN  |d 2024-07-08  |e Donación  |h v.1  |i 5661777  |o 510 AST 2024  |p 5661777  |r 2025-01-20  |t 78  |w 2024-07-09  |y BK  |k ING 
952 |0 0  |1 0  |2 ddc  |4 0  |6 510_000000000000000_AST_2024  |7 0  |8 A  |9 595942  |a BIBING  |b BIBING  |c GEN  |d 2024-07-08  |e Donación  |h v.1  |i 5661778  |o 510 AST 2024  |p 5661778  |r 2025-01-20  |t 79  |w 2024-07-09  |y BK  |k ING 
952 |0 0  |1 0  |2 ddc  |4 0  |6 510_000000000000000_AST_2024  |7 0  |8 A  |9 595943  |a BIBING  |b BIBING  |c GEN  |d 2024-07-08  |e Donación  |h v.1  |i 5661779  |o 510 AST 2024  |p 5661779  |r 2025-01-20  |t 80  |w 2024-07-09  |y BK  |k ING 
952 |0 0  |1 0  |2 ddc  |4 0  |6 510_000000000000000_AST_2024  |7 0  |8 A  |9 595944  |a BIBING  |b BIBING  |c GEN  |d 2024-07-08  |e Donación  |h v.1  |i 5661780  |o 510 AST 2024  |p 5661780  |r 2025-01-20  |t 81  |w 2024-07-09  |y BK  |k ING 
952 |0 0  |1 0  |2 ddc  |4 0  |6 510_000000000000000_AST_2024  |7 0  |8 A  |9 595945  |a BIBING  |b BIBING  |c GEN  |d 2024-07-08  |e Donación  |h v.1  |i 5661781  |o 510 AST 2024  |p 5661781  |r 2025-01-20  |t 82  |w 2024-07-09  |y BK  |k ING 
952 |0 0  |1 0  |2 ddc  |4 0  |6 510_000000000000000_AST_2024  |7 0  |8 A  |9 595947  |a BIBING  |b BIBING  |d 2024-07-23  |h v.1  |i 5661782  |o 510 AST 2024  |p 5661782  |r 2025-01-20  |t 83  |w 2024-07-23  |y BK  |k ING 
952 |0 0  |1 0  |2 ddc  |4 0  |6 510_000000000000000_AST_2024  |7 0  |8 A  |9 595948  |a BIBING  |b BIBING  |d 2024-07-23  |h v.1  |i 5661783  |o 510 AST 2024  |p 5661783  |r 2025-01-20  |t 84  |w 2024-07-23  |y BK  |k ING 
952 |0 0  |1 0  |2 ddc  |4 0  |6 510_000000000000000_AST_2024  |7 0  |8 A  |9 595949  |a BIBING  |b BIBING  |d 2024-07-23  |h v.1  |i 5661784  |o 510 AST 2024  |p 5661784  |r 2025-01-20  |t 85  |w 2024-07-23  |y BK  |k ING 
952 |0 0  |1 0  |2 ddc  |4 0  |6 510_000000000000000_AST_2024  |7 0  |8 A  |9 595950  |a BIBMEC  |b BIBMEC  |d 2024-07-23  |e Donación   |h v.1  |i 5661785  |o 510 AST 2024  |p 5661785  |r 2025-04-29  |t 86  |w 2024-07-23  |y BK  |k MEC 
952 |0 0  |1 0  |2 ddc  |4 0  |6 510_000000000000000_AST_2024  |7 0  |8 A  |9 595951  |a BIBMEC  |b BIBMEC  |d 2024-07-23  |e Donación   |h v.1  |i 5661786  |o 510 AST 2024  |p 5661786  |r 2025-04-29  |t 87  |w 2024-07-23  |y BK  |k MEC 
952 |0 0  |1 0  |2 ddc  |4 0  |6 510_000000000000000_AST_2024  |7 0  |8 A  |9 595952  |a BIBMEC  |b BIBMEC  |d 2024-07-23  |e Donación   |h v.1  |i 5661787  |o 510 AST 2024  |p 5661787  |r 2025-04-29  |t 88  |w 2024-07-23  |y BK  |k MEC 
952 |0 0  |1 0  |2 ddc  |4 0  |6 510_000000000000000_AST_2024  |7 0  |8 A  |9 595953  |a BIBMEC  |b BIBMEC  |d 2024-07-23  |e Donación   |h v.1  |i 5661788  |o 510 AST 2024  |p 5661788  |r 2025-04-29  |t 89  |w 2024-07-23  |y BK  |k MEC 
952 |0 0  |1 0  |2 ddc  |4 0  |6 510_000000000000000_AST_2024  |7 0  |8 A  |9 595954  |a BIBMEC  |b BIBMEC  |d 2024-07-23  |e Donación   |h v.1  |i 5661789  |l 2  |m 1  |o 510 AST 2024  |p 5661789  |q 2025-05-12  |r 2025-04-29  |s 2025-04-29  |t 90  |w 2024-07-23  |y BK  |k MEC 
952 |0 0  |1 0  |2 ddc  |4 0  |6 510_000000000000000_AST_2024  |7 0  |8 A  |9 595955  |a BIBMEC  |b BIBMEC  |d 2024-07-23  |e Donación   |h v.1  |i 5661790  |l 1  |m 2  |o 510 AST 2024  |p 5661790  |q 2025-05-12  |r 2025-04-23  |s 2025-04-23  |t 91  |w 2024-07-23  |y BK  |k MEC 
952 |0 0  |1 0  |2 ddc  |4 0  |6 510_000000000000000_AST_2024  |7 0  |8 A  |9 595956  |a BIBMEC  |b BIBMEC  |d 2024-07-23  |e Donación   |h v.1  |i 5661791  |o 510 AST 2024  |p 5661791  |r 2025-04-29  |t 92  |w 2024-07-23  |y BK  |k MEC 
952 |0 0  |1 0  |2 ddc  |4 0  |6 510_000000000000000_AST_2024  |7 0  |8 A  |9 595957  |a BIBMEC  |b BIBMEC  |d 2024-07-23  |e Donación   |h v.1  |i 5661792  |o 510 AST 2024  |p 5661792  |r 2024-07-23  |t 93  |w 2024-07-23  |y BK  |k MEC 
952 |0 0  |1 0  |2 ddc  |4 0  |6 510_000000000000000_AST_2024  |7 0  |8 A  |9 595958  |a BIBMEC  |b BIBMEC  |d 2024-07-23  |e Donación   |h v.1  |i 5661793  |o 510 AST 2024  |p 5661793  |r 2025-04-29  |t 94  |w 2024-07-23  |y BK  |k MEC 
952 |0 0  |1 0  |2 ddc  |4 0  |6 510_000000000000000_AST_2024  |7 0  |8 A  |9 595959  |a BIBMEC  |b BIBMEC  |d 2024-07-23  |e Donación   |h v.1  |i 5661794  |o 510 AST 2024  |p 5661794  |r 2025-03-14  |t 95  |w 2024-07-23  |y BK  |k MEC 
952 |0 0  |1 0  |2 ddc  |4 0  |6 510_000000000000000_AST_2024  |7 0  |8 A  |9 595960  |a BIBMEC  |b BIBMEC  |d 2024-07-23  |e Donación   |h v.1  |i 5661795  |l 2  |o 510 AST 2024  |p 5661795  |r 2025-04-29  |s 2025-04-21  |t 96  |w 2024-07-23  |y BK  |k MEC 
952 |0 0  |1 0  |2 ddc  |4 0  |6 510_000000000000000_AST_2024  |7 0  |8 A  |9 595961  |a BIBMEC  |b BIBMEC  |d 2024-07-23  |e Donación   |h v.1  |i 5661796  |o 510 AST 2024  |p 5661796  |r 2025-04-29  |t 97  |w 2024-07-23  |y BK  |k MEC 
952 |0 0  |1 0  |2 ddc  |4 0  |6 510_000000000000000_AST_2024  |7 0  |8 A  |9 595962  |a BIBMEC  |b BIBMEC  |d 2024-07-23  |e Donación   |h v.1  |i 5661797  |o 510 AST 2024  |p 5661797  |r 2025-04-29  |t 98  |w 2024-07-23  |y BK  |k MEC 
952 |0 0  |1 0  |2 ddc  |4 0  |6 510_000000000000000_AST_2024  |7 0  |8 A  |9 595963  |a BIBMEC  |b BIBMEC  |d 2024-07-23  |e Donación   |h v.1  |i 5661798  |l 2  |o 510 AST 2024  |p 5661798  |r 2025-05-05  |s 2025-04-21  |t 99  |w 2024-07-23  |y BK  |k MEC 
952 |0 0  |1 0  |2 ddc  |4 0  |6 510_000000000000000_AST_2024  |7 0  |8 A  |9 595964  |a BIBMEC  |b BIBMEC  |d 2024-07-23  |e Donación   |h v.1  |i 5661799  |l 2  |o 510 AST 2024  |p 5661799  |r 2025-05-06  |s 2025-04-28  |t 100  |w 2024-07-23  |y BK  |k MEC